Nordic countries by population. - Statistics

General Stats
  • This quiz has been taken 86 times
    49 since last reset
  • The average score is 5 of 5
Answer Stats
Population Country % Correct
5.7M Denmark
100%
9.8M Sweden
100%
5.5M Finland
98%
0.33M Iceland
96%
5.2M Norway
96%
No matching quizzes found
Score Distribution
Percent of People with Each Score
Percentile by Number Answered
Your Score History
You have not taken this quiz since the last reset